000 00747cam a2200205 a 4500
001 000010090
005 20200929161834.0
008 720511s1967 ag 001 d spa
040 _aDO-SdBNP
_bspa
_cBNPHU
082 _aA862.44
_bD559c
100 1 _aDiego, Celia de.
_925073
245 1 0 _aCamino de luz y sombra :
_bobra teatral sobre la vida de Domingo Faustino Sarmiento, en dos actos y un epílogo /.
260 _aBuenos Aires, Argentina :
_bEditorial Talía,
_c1967.
300 _a67 p. ;
_c19 cm.
490 1 _aArgentina de teatro
_v60
504 _aIncluye referencias bibliográficas (p. 67)
650 4 _aTeatro argentino
_94843
650 4 _aLiteratura argentina
_93860
600 1 4 _aSARMIENTO, DOMINGO FAUSTINO,
_d1811-1888
_vDRAMA
_925074
999 _c9849
_d9849